Регионална библиотека "Любен Каравелов" - Русе

Goethe-Kalender (Запис номер 343404)

MARC детайли
000 -Лидер
Контролно поле с фиксирана дължина 00994nam a2200313 c 4500
003 - Код на организацията, давaща контролен номер
Контролно поле BLK
005 - Дата и час на последна редакция
Контролно поле 20190913121239.0
008 - Елементи от данни с фиксирана дължина
fixed length control field 180911b bul|||||r ||||||| ||bul||
010 ## - Наследен системен номер
LC control number 003065
040 ## - Източник на каталожния запис
Идентификатор на билиотеката - собственик на записа BLK
041 ## - Код за език
Код за езика на текст/звукозапис или на отделно заглавие Немски
080 ## - УДК
Текстов определител УДК Гьоте, Йохан
УДК определител 92
УДК - код + определител 830.09830(092)92
100 1# - Редна дума - Автор
Автор BIERBAUM, Otto
Авторска отговорност първи автор
245 00 - Сведения за заглавието
Заглавие Goethe-Kalender
246 ## - Различни форми на заглавието
Паралелно заглавие Auf das Jahr 1910
Наименование на поредна част от произведението епос-биографии
260 ## - Област на издателските данни
Място на издаване, разпространение и проч. Leipzig
Име на издателя, разпространителя и проч. Theodor Weicher
Година на издаване 1910
300 ## - Физическа характеристика
Страници 148 с., 6 л
Илюстрации и др. ил.
Размери/Мащаб 23 см
380 ## - Жанр
Жанр Литературознание
490 ## - СЕРИИ (Колекции)
Име на серия Частна колекция - Академик Михаил Арнаудов
Бележки за серията Дарение - Основен фонд
650 ## - Допълнително описание по предмет – тема
Основно описание – тема или топоним Биографии
650 ## - Допълнително описание по предмет – тема
Основно описание – тема или топоним Писатели
653 ## - Ключова дума – ненормативна
9 (RLIN)
Ключова дума епос
653 ## - Ключова дума – ненормативна
9 (RLIN)
Ключова дума биографии
655 ## - Ключова дума – жанр/разновидност
Данни за жанр/разновидност или ключова дума за фокус Литературознание
700 1# - Други автори (авторска отговорност)
Лично име Otto Julius Birbaum
700 1# - Други автори (авторска отговорност)
Лично име Hrgs. C. Schuddekopf
852 ## - Местоположение
Форматна сигнатура МА 1522
942 ## - АРТИКУЛИ
Вид на библиотечния материал Книги
Скрит в OPAC Не
944 ## - СЪЗДАВАНЕ И РЕДАКЦИЯ на ЗАПИСА
Създаване/Редакция Създаване
Дата на регистрацията/редакция 1996
Служител, извършил регистрацията/редакцията ValK
999 ## - СИСТЕМНИ КОНТРОЛНИ НОМЕРА
Koha biblionumber 343404
Koha biblioitemnumber 343404
Наличности
Код за отписване Код за изгубен артикул Източник на класификационната схема Код за повреда Коз за рестрикции Код за отдаване Артикулен № Име на библиотеката - собственик Име на библиотеката, в която се намира в момента Статус (Текущо местоположение) Местоположение - отдел Цена в лева Номерация (Хронология) Инвентарен номер Систематично азбучна сигнатура Баркод Номер на екземпляра Цена в евро Служебен тип на артикула
  Не е изгубен Universal Decimal Classification Не е повреден без рестрикции Специални фондове ( старопечатни, редки и ценни, фонд М. Арнаудов) 743594 Регионална библиотека "Любен Каравелов" Русе Регионална библиотека "Любен Каравелов" Русе Фонд "Михаил Арнаудов" Фонд "Михаил Арнаудов" 50.00   588783 МА 1522 120000588783 1 25.56 Книги
Vip Innovations Ltd, Rousse, Bulgaria 2025